| 000 | 00593nas a22002177a 4500 | ||
|---|---|---|---|
| 001 | 2162214035923971 | ||
| 003 | UA-OsUOA | ||
| 005 | 20230908105018.0 | ||
| 007 | ta | ||
| 008 | 230908c2023 un |||p| |||| 00| 0 eng d | ||
| 040 |
_aUA-OsUOA _bukr _cUA-OsUOA _dUA-OsUOA |
||
| 041 | _aeng | ||
| 080 | _a908 | ||
| 090 |
_a908 _bY11 |
||
| 110 | _aРівненська обласна державна адміністраія | ||
| 245 |
_aHow Ukraine _bInvest in Rivne region |
||
| 260 |
_aРівне _c2023 |
||
| 650 |
_2UDC _v908 Краєзнавство |
||
| 942 |
_2udc _cMG |
||
| 962 | _d2023 | ||
| 999 |
_c575081 _d575081 |
||